000 00890nam a2200277 i 4500
001 6582
003 ES-MaACL
005 20250821111645.0
007 t|
008 900116s1988 sp |||| |dspa d
020 _a84-7341-038-6
080 _a9(46)"1566/1609"
080 _a9(41)"1566/1609"
100 1 _aGómez-Centurión, Carlos.
_957867
245 1 0 _aFelipe II, la empresa de Inglaterra y el comercio septentrional
_b: (1566-1609) /
_cCarlos Gómez-Centurión Jiménez.
250 _a1ª ed.
260 _aMadrid :
_bNaval,
_c1988.
300 _a406 p. ;
_c24 cm.
500 _aÍndices.
504 _aBibliografía: p. 383-398.
600 0 4 _aFelipe
_bII,
_cRey de España
_949175
651 4 _aEspaña-
_xComercio exterior-
_yS.XVI.
_98179
651 4 _aEspaña-
_xHistoria-
_y1556-1598, Felipe II.
_98218
852 _aES-MaACL
_jL-13763
999 _c6582
_d6582